Central Library OPAC University of Rajshahi

Metric spaces / (Record no. 50779)

MARC details
000 -LEADER
fixed length control field 00856nam a2200277 a 4500
001 - CONTROL NUMBER
control field 50779
003 - CONTROL NUMBER IDENTIFIER
rucl marc code BD-RjUL
005 - DATE AND TIME OF LATEST TRANSACTION
control field 20211209075550.0
008 - FIXED-LENGTH DATA ELEMENTS--GENERAL INFORMATION
fixed length control field 161128s1968 enk 001 0 eng
035 ## - SYSTEM CONTROL NUMBER
System control number (BD-RjUL)50899
040 ## - CATALOGING SOURCE
Original cataloging agency DLC
Transcribing agency DLC
Modifying agency m.c.
-- RCD
-- BD-RjUL
Language of cataloging eng
041 ## - LANGUAGE CODE
Language code of text/sound track or separate title eng
082 ## - DEWEY DECIMAL CLASSIFICATION NUMBER
Edition number 23
Classification number 514.325
Author mark and year COM 1968
090 ## - LOCALLY ASSIGNED LC-TYPE CALL NUMBER (OCLC); LOCAL CALL NUMBER (OCLC)
Local cutter number (OCLC) ; Book number/undivided call number, CALL (RLIN) .C785
099 ## - LOCAL FREE-TEXT CALL NUMBER (OCLC)
Bangla Class number QA613.C785
100 1# - MAIN ENTRY--PERSONAL NAME
Personal name Copson, E. T.
Fuller form of name (Edward Thomas),
Dates associated with a name 1901-1980.
9 (RLIN) 152006
245 10 - TITLE STATEMENT
Title Metric spaces /
Statement of responsibility, etc. E. T. Copson.
260 ## - PUBLICATION, DISTRIBUTION, ETC. (IMPRINT)
Place of publication, distribution, etc. London :
Name of publisher, distributor, etc. Cambridge U.P.,
Date of publication, distribution, etc. c1968.
300 ## - PHYSICAL DESCRIPTION
Pagination vii, 143 p. ;
Size 22 cm.
490 1# - SERIES STATEMENT
Series statement Cambridge tracts in mathematics and mathematical physics ;
Volume/sequential designation no. 57
650 #0 - SUBJECT ADDED ENTRY--TOPICAL TERM
Topical term or geographic name as entry element Metric spaces.
9 (RLIN) 138258
830 #0 - SERIES ADDED ENTRY--UNIFORM TITLE
Uniform title Cambridge tracts in mathematics and mathematical physics ;
Volume number/sequential designation no. 57.
942 ## - ADDED ENTRY ELEMENTS (KOHA)
Source of classification or shelving scheme Dewey Decimal Classification
Koha item type Books
949 ## - LOCAL PROCESSING INFORMATION (OCLC)
a MYGS
Holdings
Lost status Source of classification or shelving scheme Damaged status Not for loan Collection code Permanent Location Current Location Shelving location Date acquired Source of acquisition Cost, normal purchase price Total Checkouts Full call number Date last seen Copy number Koha item type
  Dewey Decimal Classification     Non-fiction Central Library, University of Rajshahi Central Library, University of Rajshahi   30/05/1970 Zeithinger 30.00   514.325 COM 1968 28/08/2016 C-2 Books
  Dewey Decimal Classification     Non-fiction Central Library, University of Rajshahi Central Library, University of Rajshahi   30/05/1970 Zeitlinger 30.00   514.325 COM 1968 28/08/2016 C-3 Books